00346 a2200097 4500001001000000005001700010008004100027245010000068100001700168773006300185ART_3043720260410162004.0260409a 10aLa enseñanza de las finanzas públicas en las facultades de ciencias económicas argentinas1 aMacon, Jorge0 tBoletín Informativo ASAPg- Nº 19 (jun. 1988)wREV30391